ثقافة العائلات الصينية القديمة وتأثيرها في المجتمع الحديث / (Record no. 179402)

MARC details
000 -LEADER
fixed length control field 04703namaa22004211i 4500
003 - CONTROL NUMBER IDENTIFIER
control field OSt
005 - أخر تعامل مع التسجيلة
control field 20260412093602.0
008 - FIXED-LENGTH DATA ELEMENTS--GENERAL INFORMATION
fixed length control field 250827s2025 ua a|||frm||| 000 0 eng d
040 ## - CATALOGING SOURCE
Original cataloguing agency EG-GICUC
Language of cataloging ara
Transcribing agency EG-GICUC
Modifying agency EG-GICUC
Description conventions rda
041 0# - LANGUAGE CODE
Language code of text/sound track or separate title ara
Language code of summary or abstract ara
-- eng
049 ## - Acquisition Source
Acquisition Source إيداع
082 04 - DEWEY DECIMAL CLASSIFICATION NUMBER
Classification number 895.1
092 ## - LOCALLY ASSIGNED DEWEY CALL NUMBER (OCLC)
Classification number 895.1
Edition number 21
097 ## - Degree
Degree دكتـــــوراه‎
099 ## - LOCAL FREE-TEXT CALL NUMBER (OCLC)
Local Call Number Cai01.02.09.Ph.D.2025.ما.ث
100 0# - MAIN ENTRY--PERSONAL NAME
Authority record control number or standard number ،ماهيتاب أحمد عبد الحليم مصطفى
Preparation إعداد.
245 10 - TITLE STATEMENT
Title ثقافة العائلات الصينية القديمة وتأثيرها في المجتمع الحديث /
Statement of responsibility, etc. إعداد ماهيتاب أحمد عبد الحليم مصطفى؛ إشراف أ.د/ رحاب محمود أحمد، أ.د/ علي محمد المكاوي.
246 15 - VARYING FORM OF TITLE
Title proper/short title Research on chinese family culture and traditions and its importance in the modern society /
264 #0 - PRODUCTION, PUBLICATION, DISTRIBUTION, MANUFACTURE, AND COPYRIGHT NOTICE
Date of production, publication, distribution, manufacture, or copyright notice 2025.
300 ## - PHYSICAL DESCRIPTION
Extent 75 صفحة :
Other physical details إيضاحيات ؛
Dimensions 25 سم. +
Accompanying material CD.
336 ## - CONTENT TYPE
Content type term text
Source rda content
337 ## - MEDIA TYPE
Media type term Unmediated
Source rdamedia
338 ## - CARRIER TYPE
Carrier type term volume
Source rdacarrier
502 ## - DISSERTATION NOTE
Dissertation note أطروحة (دكتوراه)-جامعة القاهرة، 2025.
504 ## - BIBLIOGRAPHY, ETC. NOTE
Bibliography, etc. note ببليوجرافيا: صفحات 70-74.
520 ## - SUMMARY, ETC.
Summary, etc. العائلة هي حجر الزاوية في المجتمع، وثقافة العائلات الصينية التقليدية لها أهمية بعيدة المدى. ففي ظل التغيرات التي يشهدها المجتمع الحديث، أصبحت دراسة ثقافة العائلات التقليدية مرتبطة بالأسرة والمجتمع والتراث الثقافي.<br/> تهدف هذه الأطروحة إلى تحليل دلالات وتطور وقيمة وثقافة العائلات الصينية التقليدية، التي تشمل التوجه القيمي والمعايير الأخلاقية في الصين، بما في ذلك فكر تهذيب الذات وحوكمة الأسرة وحوكمة الدولة. وذلك من خلال اتخاذ تعاليم كونفوشيوس، وتعاليم عائلة يان، وتعاليم عائلة تشو شي، وقواعد ديسي كنماذج. وفي المجتمع الحديث، تلعب ثقافة العائلات التقليدية دورا بارزا في تعزز الانسجام الأسري وتربية الأبناء والتقدم الاجتماعي. يهدف هذا البحث إلى إجراء دراسة شاملة ومتعمقة لثقافة العائلات التقليدية وقيمتها الحديثة في الصين، وتقديم الدعم النظري والتوجيه العملي للترويج لثقافة العائلات الصينية التقليدية.
520 ## - SUMMARY, ETC.
Summary, etc. The family is the cornerstone of society, and traditional Chinese family culture has far-reaching significance. In light of the changes taking place in modern society, the study of traditional family culture has become intertwined with family, society, and cultural heritage.This dissertation aims to analyze the significance, development, value, and culture of traditional Chinese families, encompassing the value orientation and ethical standards in China, including the thought of self-cultivation, family governance, and state governance. This is done by taking the teachings of Confucianism, the Yan Family Traditions, the Zhuxi Family Traditions, and the Dizi Rules as examples.In modern society, traditional family culture plays a prominent role in promoting family harmony, child-rearing, and social progress. This research aims to conduct a comprehensive and in-depth study of traditional family culture and its modern values in China, and to provide theoretical support and practical guidance for promoting traditional Chinese family culture.
530 ## - ADDITIONAL PHYSICAL FORM AVAILABLE NOTE
Issues CD صدر أيضًا كقرص مدمج.
546 ## - LANGUAGE NOTE
Text Language النص بالعربية والملخص باللغة الإنجليزية والعربية.
650 #7 - SUBJECT ADDED ENTRY--TOPICAL TERM
Topical term or geographic name entry element الادب الصيني
Source of heading or term qrmak
653 #0 - INDEX TERM--UNCONTROLLED
Uncontrolled term ثقافة العائلات الصينية التقليدية
-- قيمة ثقافة العائلات التقليدية للمجتمع الحديث
700 0# - ADDED ENTRY--PERSONAL NAME
Personal name رحاب محمود أحمد
Relator term مشرف أطروحة.
700 0# - ADDED ENTRY--PERSONAL NAME
Personal name علي محمد المكاوي
Relator term مشرف أطروحة.
900 ## - Thesis Information
Grant date 27-04-2025
Supervisory body رحاب محمود أحمد
-- علي محمد المكاوي
Discussion body جان ابراهيم بدوي
-- لي شيانغ يه
Universities جامعة القاهرة
Faculties كلية الآداب
Department قسم اللغة الصينية وآدابها
905 ## - Cataloger and Reviser Names
Cataloger Name Sara Salah
942 ## - ADDED ENTRY ELEMENTS (KOHA)
Source of classification or shelving scheme Dewey Decimal Classification
Koha item type Thesis
Edition 21
Suppress in OPAC No
Holdings
Source of classification or shelving scheme Home library Current library Date acquired Inventory number Full call number Barcode Date last seen Effective from Koha item type
Dewey Decimal Classification المكتبة المركزبة الجديدة - جامعة القاهرة قاعة الرسائل الجامعية - الدور الاول 12.04.2026 33092 Cai01.02.09.Ph.D.2025.ما.ث 01010100033092000 12.04.2026 12.04.2026 Thesis
Cairo University Libraries Portal Implemented & Customized by: Eng. M. Mohamady Contacts: new-lib@cl.cu.edu.eg | cnul@cl.cu.edu.eg
CUCL logo CNUL logo
© All rights reserved — Cairo University Libraries
CUCL logo
Implemented & Customized by: Eng. M. Mohamady Contact: new-lib@cl.cu.edu.eg © All rights reserved — New Central Library
CNUL logo
Implemented & Customized by: Eng. M. Mohamady Contact: cnul@cl.cu.edu.eg © All rights reserved — Cairo National University Library